Liverpool general knowledge quiz - Statistics

General Stats
  • This quiz has been taken 274 times
  • The average score is 4 of 12
Answer Stats
Hint Answer % Correct
He scored the winning goal against Olympiacos in the 2004/ 2005 season Steven Gerra
88%
The most Premier League appearances in Liverpool's history Jamie Carragher
63%
Who has scored the most goals at Anfield Ian Rush
45%
What year did George Gillett and Tom Hicks buy Liverpool Football Club 2007
36%
Most first team appearences Ian Callaghan
33%
Who is the only Polish player to play for Liverpool Jerzy Dudek
33%
Which Liverpool striker took the longest to score their fist goal Peter Crouch
24%
Liverpool captain between 1999 and 2002 Jamie Redknapp
15%
Who was the first Liverpool player to be player/ manager in the English First Division Kenny Daglish
10%
Biggest fee paid for a Liverpool player 75 million
9%
Who scored Liverpools 400th European goal in 2002 Emile Heskey
7%
What player has been used as a substitute the most in the premier league Ryan Babel
4%
No matching quizzes found
Score Distribution
Percent of People with Each Score
Percentile by Number Answered
Your Score History
You have not taken this quiz